Loading...
| Social Science | 0 | 4 | 0 | 1 | 40 | 89 | 107.25 | 0 | 1 | 2.44 | 9.95 |
| Other Academic | 1 | 2 | 0 | 1 | 35 | 60 | 93.00 | 1 | 1 | 12.43 | 22.49 |
| Literature - British | 0 | 3 | 0 | 0 | 30 | 134 | 137.33 | 0 | 0 | 0.64 | 3.27 |
| Fine Arts - Other Arts | 0 | 2 | 0 | 0 | 20 | 127 | 132.00 | 0 | 0 | 1.56 | 5.52 |
| Literature - American | 0 | 2 | 0 | 0 | 20 | 101 | 122.50 | 0 | 0 | 2.23 | 8.57 |
| Philosophy | 0 | 2 | 0 | 1 | 20 | 92 | 116.00 | 1 | 1 | 2.18 | 7.08 |
| Science - Other | 1 | 1 | 1 | 0 | 20 | 32 | 67.50 | 0 | 2 | 5.45 | 8.80 |
| History - Other | 0 | 1 | 0 | 0 | 10 | 141 | 141.00 | 0 | 0 | 0.14 | 2.00 |
| Science - Biology | 0 | 1 | 0 | 0 | 10 | 122 | 122.00 | 0 | 0 | 0.06 | 2.14 |
| Literature - European | 0 | 1 | 0 | 0 | 10 | 143 | 143.00 | 0 | 0 | 0.15 | 1.79 |
| Literature - World | 0 | 1 | 1 | 0 | 5 | 124 | 124.00 | 0 | 0 | 0.91 | 1.95 |
| Science - Chemistry | 0 | 0 | 0 | 0 | 0 | 0.00 | 0 | 0 | 0.00 | 0.00 | |
| Visual Arts | 0 | 0 | 1 | 0 | -5 | 0.00 | 0 | 0 | 0.00 | 0.00 |